[Event "Landesklasse West 2012/2013"]
[Site "?"]
[Date "2012.11.04"]
[Round "2"]
[White "Seeboth, Paul"]
[Black "Müller, Martin"]
[Result "1-0"]
[WhiteElo "1806"]
[BlackElo "1375"]
[PlyCount "91"]
[EventDate "2012.??.??"]
[WhiteTeam "Schachclub Rochade Leinefelde"]
[BlackTeam "Schachclub 1998 Gotha"]

1. d4 d5 2. c4 e6 3. Nc3 Nf6 4. Bg5 Be7 5. Nf3 Nbd7 6. e3 c6 7. Bd3 dxc4 8.
Bxc4 Nd5 9. Bxe7 Qxe7 10. a3 O-O 11. O-O a6 12. Ne2 b5 13. Bd3 e5 14. Qc2 exd4
15. Qxc6 N7b6 16. Nexd4 Bg4 17. Bf5 Bxf3 18. Nxf3 g6 19. Bh3 Ra7 20. Qc2 Rc7
21. Qb3 Nc4 22. Rfd1 Nf6 23. Rd4 Rd8 24. Qd3 Rxd4 25. Qxd4 Ne4 26. a4 Ncd6 27.
axb5 Nxb5 28. Qd1 Qf6 29. Qe2 Rc5 30. Ne1 Ng5 31. Bg4 h5 32. Bd7 Nc7 33. Nd3
Rd5 34. Ba4 Qd6 35. Rd1 Ne4 36. Bb3 Rb5 37. Bc4 Rf5 38. Nf4 Qf6 39. Rd7 Ne6 40.
Nd5 Qh4 41. Ne7+ Kf8 42. Nxf5 gxf5 43. Bxe6 fxe6 44. Qc2 Nf6 45. Qc5+ Kg8 46.
Qc8+ 1-0

[Event "Landesklasse West 2012/2013"]
[Site "?"]
[Date "2012.11.04"]
[Round "2"]
[White "Manger, Eric"]
[Black "Löffelholz, Christian"]
[Result "0-1"]
[WhiteElo "1423"]
[BlackElo "1708"]
[PlyCount "58"]
[EventDate "2012.??.??"]
[WhiteTeam "Schachclub 1998 Gotha"]
[BlackTeam "Schachclub Rochade Leinefelde"]

1. b3 Nf6 2. Bb2 d5 3. e3 Bf5 4. Nf3 Nc6 5. Bb5 Bd7 6. O-O e6 7. Nc3 Bd6 8. Ne2
a6 9. Bd3 e5 10. c4 e4 11. cxd5 exf3 12. dxc6 Bxc6 13. Nd4 fxg2 14. Re1 Qd7 15.
Bf5 Qe7 16. Nxc6 bxc6 17. Qf3 O-O 18. Qxg2 c5 19. e4 Be5 20. Rab1 Rad8 21. Red1
Nh5 22. Bc1 Rd3 23. Re1 Nf4 24. Qf1 Qh4 25. Re3 Ne2+ 26. Kg2 Qxh2+ 27. Kf3 Nd4+
28. Kg4 h5+ 29. Kg5 Bf4# 0-1

[Event "Landesklasse West 2012/2013"]
[Site "?"]
[Date "2012.11.25"]
[Round "3"]
[White "Essegern, Kurt"]
[Black "Hocke, Sebastian"]
[Result "1/2-1/2"]
[WhiteElo "1952"]
[BlackElo "2017"]
[PlyCount "53"]
[EventDate "2012.??.??"]
[WhiteTeam "Randspringer Bad Salzungen"]
[BlackTeam "ESV Lok Meiningen"]

1. e4 c5 2. Nf3 d6 3. d4 cxd4 4. Nxd4 Nf6 5. Nc3 a6 6. Bg5 Nbd7 7. f4 Qc7 8.
Qf3 h6 9. Bh4 g5 10. fxg5 hxg5 11. Bxg5 Qc5 12. Be3 Ne5 13. Qe2 Neg4 14. Bg1
Bh6 15. Qc4 Qe5 16. Nf3 Qf4 17. Nd5 Nxd5 18. exd5 Bf5 19. Qxf4 Bxf4 20. c4 Ne3
21. Bxe3 Bxe3 22. Ke2 Bb6 23. Kd2 Rg8 24. g3 Be4 25. Be2 e6 26. dxe6 fxe6 27.
Rhf1 1/2-1/2

[Event "Landesklasse West 2012/2013"]
[Site "?"]
[Date "2012.11.25"]
[Round "3"]
[White "Lehmann, Peter"]
[Black "Hübschmann, Holger"]
[Result "0-1"]
[WhiteElo "1885"]
[BlackElo "1903"]
[PlyCount "110"]
[EventDate "2012.??.??"]
[WhiteTeam "ESV Lok Meiningen"]
[BlackTeam "Randspringer Bad Salzungen"]

1. d4 Nf6 2. Nf3 g6 3. c3 Bg7 4. Bf4 d6 5. Nbd2 Bf5 6. Qb3 Qc8 7. Ng5 O-O 8. e4
Bd7 9. e5 Nh5 10. Bg3 dxe5 11. dxe5 h6 12. Nge4 Nc6 13. f4 b6 14. Nf3 Na5 15.
Qc2 c5 16. c4 Nc6 17. Rd1 Bf5 18. a3 Qb7 19. Bd3 Rad8 20. Kf2 Nd4 21. Nxd4 Rxd4
22. Nc3 Bxd3 23. Rxd3 Nxf4 24. Rf3 Ne6 25. Nd5 Ng5 26. Re3 e6 27. Nf6+ Bxf6 28.
exf6 Ne4+ 29. Ke1 Rfd8 30. Be5 Rd1+ 31. Qxd1 Rxd1+ 32. Kxd1 Nf2+ 33. Ke2 Nxh1
34. Kf1 Qd7 35. Ke2 Qc6 36. Kf1 Qa4 37. Bc3 Qxc4+ 38. Kg1 Qf4 39. Rf3 Qe4 40.
Rf1 Qd3 41. Re1 Ng3 42. hxg3 Qxg3 43. Rd1 Qc7 44. Rd3 Kh7 45. Be1 g5 46. Bg3
Qc8 47. Kf2 e5 48. Re3 Qf5+ 49. Kg1 e4 50. Re2 Qxf6 51. Be1 Qd4+ 52. Kf1 f5 53.
Bc3 Qd3 54. Ke1 e3 55. g3 Qb1# 0-1

[Event "Landesklasse West 2012/2013"]
[Site "?"]
[Date "2012.11.25"]
[Round "3"]
[White "Schulz, Tilo"]
[Black "Grube, Jan"]
[Result "1-0"]
[WhiteElo "1875"]
[BlackElo "1809"]
[PlyCount "123"]
[EventDate "2012.??.??"]
[WhiteTeam "Randspringer Bad Salzungen"]
[BlackTeam "ESV Lok Meiningen"]

1. e4 c5 2. Nf3 Nc6 3. d4 cxd4 4. Nxd4 g6 5. c4 Bg7 6. Be3 d6 7. Be2 Nf6 8. Nc3
O-O 9. O-O Bd7 10. Qd2 Ng4 11. Bxg4 Bxg4 12. f3 Bd7 13. Rfd1 Ne5 14. b3 Kh8 15.
Rac1 b6 16. Nd5 Rc8 17. Bf4 f6 18. Bh6 Rf7 19. Bxg7+ Kxg7 20. Nf4 Kh8 21. Nfe6
Qg8 22. Rc3 Nc6 23. f4 Nxd4 24. Nxd4 g5 25. f5 h5 26. Qe2 Rh7 27. Nc2 Qf7 28.
Ne3 Rg8 29. Nd5 Qf8 30. b4 h4 31. c5 dxc5 32. bxc5 bxc5 33. Rdc1 e6 34. fxe6
Bxe6 35. Rxc5 Bxd5 36. exd5 Qe7 37. Qxe7 Rxe7 38. Rc7 Rxc7 39. Rxc7 Rd8 40. Rc5
Rd7 41. Kf2 Kg7 42. Ke3 Kg6 43. Kd4 g4 44. Rc2 Kg5 45. Rf2 f5 46. g3 hxg3 47.
hxg3 Rc7 48. d6 Rf7 49. Ke5 Kg6 50. Rd2 f4 51. gxf4 g3 52. d7 Re7+ 53. Kd6
Rxd7+ 54. Kxd7 Kf5 55. a4 Kxf4 56. a5 Kf3 57. a6 g2 58. Rd1 Ke2 59. Ra1 Kf2 60.
Kc7 g1=Q 61. Rxg1 Kxg1 62. Kb7 1-0

[Event "Landesklasse West 2012/2013"]
[Site "?"]
[Date "2012.11.25"]
[Round "3"]
[White "Von Otte, Wilhelm"]
[Black "Roth, Ralf"]
[Result "1-0"]
[WhiteElo "1896"]
[BlackElo "1849"]
[PlyCount "67"]
[EventDate "2012.??.??"]
[WhiteTeam "ESV Lok Meiningen"]
[BlackTeam "Randspringer Bad Salzungen"]

1. e4 d6 2. d4 Nf6 3. Nc3 g6 4. g3 Bg7 5. Bg2 O-O 6. Nge2 c6 7. h3 Nbd7 8. Be3
Nb6 9. O-O e5 10. b3 Be6 11. a4 Qc7 12. a5 Nc8 13. d5 Bd7 14. Qd2 Ne8 15. g4 f5
16. exf5 gxf5 17. gxf5 Bxf5 18. Ng3 Ne7 19. a6 c5 20. Bg5 b6 21. Nxf5 Nxf5 22.
Be4 Nd4 23. Qd3 Kh8 24. Ne2 Bf6 25. Nxd4 cxd4 26. f4 Rg8 27. Kh2 Bxg5 28. fxg5
Rxg5 29. Rf8+ Rg8 30. Raf1 Qg7 31. R8f7 Nf6 32. Rxg7 Rxg7 33. Rxf6 Rc8 34. Qf3
1-0

[Event "Landesklasse West 2012/2013"]
[Site "?"]
[Date "2012.11.25"]
[Round "3"]
[White "Essegern, Uwe"]
[Black "Scheftlein, Richard"]
[Result "1-0"]
[WhiteElo "1836"]
[BlackElo "1835"]
[PlyCount "93"]
[EventDate "2012.??.??"]
[WhiteTeam "Randspringer Bad Salzungen"]
[BlackTeam "ESV Lok Meiningen"]

1. d4 Nf6 2. Nf3 d5 3. e3 e6 4. Bd3 c5 5. b3 Nc6 6. O-O Be7 7. a3 O-O 8. dxc5
Bxc5 9. Bb2 Qe7 10. Nbd2 Rd8 11. b4 Bb6 12. c4 Bc7 13. Qc2 e5 14. cxd5 Rxd5 15.
Bc4 Rd8 16. Rac1 Bd6 17. Ng5 Rf8 18. Rfd1 h6 19. Nge4 Nxe4 20. Nxe4 Bf5 21. Bd5
Rac8 22. Qb3 Bb8 23. Nc5 Nd8 24. e4 Bg6 25. f3 a5 26. Nd3 Ba7+ 27. Kh1 Rxc1 28.
Rxc1 axb4 29. axb4 Bb8 30. b5 Kh7 31. Qc3 f6 32. Ba3 Bd6 33. Bxd6 Qxd6 34. Qc5
Qxc5 35. Nxc5 Be8 36. Rb1 b6 37. Na4 Nf7 38. Nxb6 Nd6 39. Bc6 Bxc6 40. bxc6 Nc8
41. Nd5 Kg6 42. Rb8 Kf7 43. Rb7+ Kg6 44. g4 Nd6 45. Rd7 Nb5 46. c7 Nxc7 47.
Rxc7 1-0

[Event "Landesklasse West 2012/2013"]
[Site "?"]
[Date "2012.11.25"]
[Round "3"]
[White "Weiß, Daniel"]
[Black "Feldmann, Bernd"]
[Result "0-1"]
[WhiteElo "1785"]
[BlackElo "1817"]
[PlyCount "46"]
[EventDate "2012.??.??"]
[WhiteTeam "ESV Lok Meiningen"]
[BlackTeam "Randspringer Bad Salzungen"]

1. e4 e6 2. d4 d5 3. exd5 Qxd5 4. Nc3 Bb4 5. Qg4 g6 6. Bd2 Bxc3 7. bxc3 Nf6 8.
Qf3 Qxf3 9. Nxf3 b6 10. Ne5 Ba6 11. c4 Ne4 12. Bh6 Nd7 13. Nxd7 Kxd7 14. f3 Nd6
15. O-O-O Bxc4 16. Bxc4 Nxc4 17. d5 e5 18. h4 Rhe8 19. h5 g5 20. g4 f6 21. Rhe1
Re7 22. Re4 Nd6 23. Re2 Rg8 0-1

[Event "Landesklasse West 2012/2013"]
[Site "?"]
[Date "2012.11.25"]
[Round "3"]
[White "Kunze, Heinz"]
[Black "Jörges, Frank"]
[Result "1/2-1/2"]
[WhiteElo "1733"]
[BlackElo "1812"]
[PlyCount "107"]
[EventDate "2012.??.??"]
[WhiteTeam "Randspringer Bad Salzungen"]
[BlackTeam "ESV Lok Meiningen"]

1. e4 d5 2. exd5 Qxd5 3. Nc3 Qd6 4. d4 Nf6 5. Nf3 a6 6. Bd3 Bg4 7. Be3 e6 8.
O-O Be7 9. h3 Bh5 10. Rb1 Nc6 11. Ne4 Nxe4 12. Bxe4 Bg6 13. Bxg6 hxg6 14. c3
O-O 15. Qe2 Bf6 16. Rbd1 Ne7 17. Bg5 Bxg5 18. Nxg5 Qd5 19. Qg4 Nf5 20. b3 Qa5
21. Qf3 c6 22. Rd2 Nxd4 23. Rxd4 Qxg5 24. Rd7 Qb5 25. Rfd1 Qb6 26. Qd3 c5 27.
c4 Qc6 28. Qe3 Qb6 29. R1d6 Qa5 30. Rxb7 Qxa2 31. Qxc5 Qb1+ 32. Kh2 Qe4 33.
Rdd7 Rac8 34. Rxf7 Rxf7 35. Qxc8+ Rf8 36. Qc7 Qd4 37. f3 Qf6 38. Rb6 Qf5 39.
Qd6 Rf6 40. Rxa6 e5 41. Ra8+ Kh7 42. Qd5 Qf4+ 43. Kg1 Qe3+ 44. Kf1 Qxb3 45. h4
Qb1+ 46. Kf2 g5 47. Qg8+ Kh6 48. Qh8+ Kg6 49. h5+ Kf5 50. Qc8+ Re6 51. g4+ Kf4
52. Qxe6 Qc2+ 53. Kg1 Qd1+ 54. Kh2 1/2-1/2

[Event "Landesklasse West 2012/2013"]
[Site "?"]
[Date "2012.11.25"]
[Round "3"]
[White "Webel, Jannik"]
[Black "Mäurer, Michael"]
[Result "1-0"]
[WhiteElo "1556"]
[BlackElo "1632"]
[PlyCount "109"]
[EventDate "2012.??.??"]
[WhiteTeam "ESV Lok Meiningen"]
[BlackTeam "Randspringer Bad Salzungen"]

1. d4 d5 2. c4 c6 3. Nf3 Nf6 4. Nc3 Bf5 5. Bf4 e6 6. e3 Bd6 7. Bg3 Bxg3 8. hxg3
h6 9. cxd5 exd5 10. Bd3 Bxd3 11. Qxd3 Nbd7 12. O-O-O Qc7 13. Kb1 a6 14. Rde1
O-O-O 15. Rc1 Kb8 16. Nd2 Qd6 17. Na4 Rde8 18. Nc5 Nxc5 19. Rxc5 Ne4 20. Nxe4
Rxe4 21. Rhc1 Rc8 22. Qb3 Ka7 23. a4 Ree8 24. a5 Qd8 25. Qc3 Re6 26. Qc2 g6 27.
Qc3 h5 28. Qb4 b6 29. Qxb6+ Qxb6 30. axb6+ Kxb6 31. Rxd5 Rf6 32. f4 Re8 33. Re5
Rxe5 34. dxe5 Re6 35. Rc3 f6 36. exf6 Rxf6 37. Kc2 a5 38. e4 c5 39. e5 Re6 40.
Rc4 g5 41. Kd3 gxf4 42. gxf4 Rg6 43. Rc2 Kc6 44. Ke4 a4 45. Kf5 Rg4 46. e6 Kd6
47. Rd2+ Ke7 48. Ke5 c4 49. f5 Rg5 50. Rd7+ Ke8 51. Kf6 Rxg2 52. Ra7 Rd2 53.
Ra8+ Rd8 54. Rxd8+ Kxd8 55. e7+ 1-0

[Event "Landesklasse West 2012/2013"]
[Site "?"]
[Date "2012.11.25"]
[Round "3"]
[White "Rockstuhl, Reiner"]
[Black "Messerschmidt, Nick"]
[Result "1/2-1/2"]
[WhiteElo "1775"]
[BlackElo "1829"]
[PlyCount "55"]
[EventDate "2012.??.??"]
[WhiteTeam "Schachclub 1998 Gotha"]
[BlackTeam "SG Trusetal 92"]

1. e4 c5 2. Nf3 Nc6 3. d4 cxd4 4. Nxd4 Nf6 5. Nc3 e5 6. Ndb5 d6 7. Nd5 Nxd5 8.
exd5 Nb8 9. c4 a6 10. Nc3 Be7 11. Be2 O-O 12. O-O f5 13. f3 Qb6+ 14. Kh1 Nd7
15. a3 f4 16. b4 Rf6 17. Ne4 Rh6 18. Bd2 Nf6 19. Be1 Bf5 20. Bf2 Qd8 21. Bd3
Qd7 22. Qb1 Bxe4 23. Bxe4 Nxe4 24. Qxe4 Rf8 25. c5 Bh4 26. Bxh4 Rxh4 27. cxd6
Rf5 28. g4 1/2-1/2

[Event "Landesklasse West 2012/2013"]
[Site "?"]
[Date "2012.11.25"]
[Round "3"]
[White "Messerschmidt, Daniel"]
[Black "Lutzkat, Ulrich"]
[Result "1/2-1/2"]
[WhiteElo "1784"]
[BlackElo "2005"]
[PlyCount "83"]
[EventDate "2012.??.??"]
[WhiteTeam "SG Trusetal 92"]
[BlackTeam "Schachclub 1998 Gotha"]

1. c4 e5 2. Nc3 Nc6 3. g3 f5 4. d3 Nf6 5. Bg2 Bb4 6. e3 Bxc3+ 7. bxc3 O-O 8.
Ne2 d6 9. O-O Na5 10. Ba3 c5 11. Rb1 Rb8 12. Bd5+ Nxd5 13. cxd5 f4 14. exf4 Bh3
15. Re1 exf4 16. f3 fxg3 17. Nxg3 Qg5 18. c4 h5 19. Bc1 Qg6 20. Re4 Bf5 21. Kf2
Bxe4 22. Nxe4 b6 23. Qe2 Rbe8 24. Bb2 Nxc4 25. Rg1 Qxg1+ 26. Kxg1 Nxb2 27. Qxb2
Rxf3 28. Qd2 Re5 29. Kg2 Rff5 30. Nxd6 Rg5+ 31. Kf2 Rxd5 32. Qf4 Kh7 33. Qe4+
Kg8 34. h4 Rge5 35. Qg6 Rd4 36. Qf7+ Kh8 37. Qf8+ Kh7 38. Ne8 Rg4 39. Qf7 Kh8
40. Qf8+ Kh7 41. Kf3 Rg6 42. Qf7 1/2-1/2

[Event "Landesklasse West 2012/2013"]
[Site "?"]
[Date "2012.11.25"]
[Round "3"]
[White "Manger, Hans-Gerald"]
[Black "Willner, Holger"]
[Result "1-0"]
[WhiteElo "1842"]
[BlackElo "1838"]
[PlyCount "55"]
[EventDate "2012.??.??"]
[WhiteTeam "Schachclub 1998 Gotha"]
[BlackTeam "SG Trusetal 92"]

1. d4 d5 2. c4 e6 3. Nf3 Nf6 4. Bg5 Be7 5. e3 Nbd7 6. Nc3 c6 7. Bd3 h6 8. Bh4
O-O 9. O-O dxc4 10. Bxc4 b5 11. Bd3 Bb7 12. Rc1 a6 13. Bxf6 Nxf6 14. Ne4 Nd7
15. Bb1 f5 16. Nc5 Bxc5 17. dxc5 Qe7 18. Qc2 Rad8 19. b4 e5 20. a3 Bc8 21. Qc3
g5 22. g3 Qf6 23. Rcd1 g4 24. Rd6 Qg7 25. Nh4 Nf6 26. Qxe5 Rde8 27. Qd4 Re6 28.
Ba2 1-0

[Event "Landesklasse West 2012/2013"]
[Site "?"]
[Date "2012.11.25"]
[Round "3"]
[White "Jung, Florian"]
[Black "Fiensch, Günter"]
[Result "0-1"]
[WhiteElo "1815"]
[BlackElo "1957"]
[PlyCount "94"]
[EventDate "2012.??.??"]
[WhiteTeam "SG Trusetal 92"]
[BlackTeam "Schachclub 1998 Gotha"]

1. d4 Nf6 2. c4 e6 3. Nc3 Bb4 4. Nf3 O-O 5. Bd2 b6 6. e3 d5 7. a3 Be7 8. cxd5
exd5 9. h3 Ba6 10. Bxa6 Nxa6 11. Qe2 Qc8 12. Rc1 Qb7 13. Ne5 c5 14. O-O Nc7 15.
Rfd1 Ne6 16. Be1 Rfd8 17. Ng4 Rac8 18. f4 cxd4 19. exd4 Nxf4 20. Qf3 Ne6 21.
Nxf6+ Bxf6 22. Bf2 Rc7 23. Kh2 Rcd7 24. g3 b5 25. Ne2 Ng5 26. Qg2 Ne4 27. Re1
Bg5 28. Rc2 Rc7 29. Nc3 f5 30. Qf3 Bd2 31. Re2 Bxc3 32. bxc3 g6 33. g4 Rf7 34.
Qg2 f4 35. Qf3 Qe7 36. a4 a6 37. axb5 axb5 38. Rb2 Qd7 39. h4 Rc8 40. Be1 g5
41. Rb3 h5 42. Rg2 Rg7 43. hxg5 Nxg5 44. Qxf4 Rf8 45. Qg3 hxg4 46. c4 Nf3+ 47.
Rxf3 gxf3 0-1

[Event "Landesklasse West 2012/2013"]
[Site "?"]
[Date "2012.11.25"]
[Round "3"]
[White "Zentgraf, Torsten"]
[Black "Wenke, Robert"]
[Result "1/2-1/2"]
[WhiteElo "1671"]
[BlackElo "1543"]
[PlyCount "21"]
[EventDate "2012.??.??"]
[WhiteTeam "SG Trusetal 92"]
[BlackTeam "Schachclub 1998 Gotha"]

1. Nf3 d5 2. d4 c5 3. c3 Nc6 4. g3 e6 5. Bg2 Nf6 6. O-O Be7 7. Nbd2 O-O 8. e3
b6 9. Ne5 Bb7 10. Ndf3 Qc7 11. Nxc6 1/2-1/2

[Event "Landesklasse West 2012/2013"]
[Site "?"]
[Date "2012.11.25"]
[Round "3"]
[White "Müller, Martin"]
[Black "Voigt, Uwe"]
[Result "1/2-1/2"]
[WhiteElo "1375"]
[BlackElo "1514"]
[PlyCount "36"]
[EventDate "2012.??.??"]
[WhiteTeam "Schachclub 1998 Gotha"]
[BlackTeam "SG Trusetal 92"]

1. d4 d5 2. c4 c6 3. Nc3 e6 4. Nf3 Nf6 5. Bg5 Be7 6. e3 O-O 7. Rc1 Nbd7 8. cxd5
Nxd5 9. Bxe7 Qxe7 10. Bd3 Nxc3 11. bxc3 e5 12. Qc2 h6 13. O-O exd4 14. cxd4 Nf6
15. Rfe1 Rd8 16. Ne5 Be6 17. Qb2 Ng4 18. Nxg4 Bxg4 1/2-1/2

[Event "Landesklasse West 2012/2013"]
[Site "?"]
[Date "2012.11.25"]
[Round "3"]
[White "Wenzel, Erhard"]
[Black "Manger, Erika"]
[Result "1-0"]
[WhiteElo "1625"]
[BlackElo "1382"]
[PlyCount "43"]
[EventDate "2012.??.??"]
[WhiteTeam "SG Trusetal 92"]
[BlackTeam "Schachclub 1998 Gotha"]

1. d4 g6 2. c4 Bg7 3. Nc3 d6 4. e3 Nf6 5. Nf3 O-O 6. Be2 c5 7. O-O cxd4 8. Nxd4
Bd7 9. Bf3 Nc6 10. Rb1 Rb8 11. b3 Ne5 12. Be2 Bf5 13. Nxf5 gxf5 14. Bb2 Nc6 15.
Bf3 e5 16. Nd5 e4 17. Be2 Nxd5 18. Qxd5 Ne7 19. Qd2 d5 20. Bxg7 Kxg7 21. Rfd1
dxc4 22. Qc3+ 1-0

[Event "Landesklasse West 2012/2013"]
[Site "?"]
[Date "2012.11.25"]
[Round "3"]
[White "Gast, Rainer"]
[Black "Moise, Adrian"]
[Result "1/2-1/2"]
[WhiteElo "1950"]
[BlackElo "2169"]
[PlyCount "24"]
[EventDate "2012.??.??"]
[WhiteTeam "SV Breitenworbis"]
[BlackTeam "SV Ammern"]

1. d4 g6 2. c4 Bg7 3. Nc3 d6 4. e4 Nd7 5. Be2 e5 6. d5 Ne7 7. Nf3 a5 8. Be3 b6
9. O-O Nc5 10. Nd2 O-O 11. b3 f5 12. f3 fxe4 1/2-1/2

[Event "Landesklasse West 2012/2013"]
[Site "?"]
[Date "2012.11.25"]
[Round "3"]
[White "Wegerich, Michael"]
[Black "Bötticher, Heinz-Wilfried"]
[Result "1/2-1/2"]
[WhiteElo "2040"]
[BlackElo "1800"]
[PlyCount "55"]
[EventDate "2012.??.??"]
[WhiteTeam "SV Ammern"]
[BlackTeam "SV Breitenworbis"]

1. e4 c5 2. Nf3 Nc6 3. d4 cxd4 4. Nxd4 Nf6 5. Nc3 e5 6. Ndb5 d6 7. Nd5 Nxd5 8.
exd5 Nb8 9. Be3 a6 10. Nc3 Be7 11. Be2 O-O 12. O-O f5 13. f3 Nd7 14. Kh1 Bg5
15. Qd2 Bxe3 16. Qxe3 Qh4 17. Nd1 f4 18. Qf2 Qh5 19. c4 a5 20. Nc3 Nc5 21. Rg1
Bd7 22. b3 Rf6 23. g4 fxg3 24. Rxg3 Raf8 25. Qg2 Qh6 26. Rg5 e4 27. Rg1 g6 28.
Rg3 1/2-1/2

[Event "Landesklasse West 2012/2013"]
[Site "?"]
[Date "2012.11.25"]
[Round "3"]
[White "Leibeling, Lucian"]
[Black "Kampfhenkel, Ulrich"]
[Result "0-1"]
[WhiteElo "1851"]
[BlackElo "1986"]
[PlyCount "96"]
[EventDate "2012.??.??"]
[WhiteTeam "SV Breitenworbis"]
[BlackTeam "SV Ammern"]

1. c4 Nc6 2. Nc3 e5 3. d3 Nf6 4. e4 Bc5 5. g3 d6 6. Be3 Nd4 7. Bg2 O-O 8. h3 c6
9. Nge2 Be6 10. O-O d5 11. cxd5 cxd5 12. Na4 Nxe2+ 13. Qxe2 Bxe3 14. Qxe3 d4
15. Qg5 Nd7 16. Qxd8 Rfxd8 17. Rfc1 Rdc8 18. b3 b5 19. Nb2 a6 20. f4 f6 21. Bf1
Nc5 22. Rc2 Nb7 23. Rac1 Rxc2 24. Rxc2 Rc8 25. Rxc8+ Bxc8 26. Kf2 Be6 27. f5
Bf7 28. Be2 Kf8 29. Bd1 Ke7 30. Ke2 Kd6 31. Kd2 Nd8 32. Bc2 Nc6 33. Kc1 Nb4 34.
Kb1 Nc6 35. Nd1 Na7 36. Kb2 b4 37. a4 a5 38. Kc1 Nc8 39. Nb2 Nb6 40. Kd2 Nd7
41. g4 Nc5 42. Nc4+ Bxc4 43. dxc4 Ke7 44. h4 g6 45. h5 gxh5 46. gxh5 Kf7 47. h6
Ke7 48. Bd1 Nxe4+ 0-1

[Event "Landesklasse West 2012/2013"]
[Site "?"]
[Date "2012.11.25"]
[Round "3"]
[White "Kurze, Christoph"]
[Black "Petiko, Nikolai"]
[Result "1/2-1/2"]
[WhiteElo "1913"]
[BlackElo "1944"]
[PlyCount "123"]
[EventDate "2012.??.??"]
[WhiteTeam "SV Ammern"]
[BlackTeam "SV Breitenworbis"]

1. e4 g6 2. d4 Bg7 3. c4 d6 4. Nc3 Nd7 5. Be3 e5 6. Qd2 Ngf6 7. f3 exd4 8. Bxd4
O-O 9. h4 Ne5 10. O-O-O Be6 11. Bxe5 dxe5 12. Qg5 Nd7 13. Qe3 c6 14. Kb1 Qb6
15. Qxb6 Nxb6 16. b3 Rfd8 17. Bd3 Bf8 18. Nge2 a5 19. h5 a4 20. hxg6 hxg6 21.
Kb2 Bc5 22. Kc2 Kg7 23. Kb2 axb3 24. axb3 Ba3+ 25. Kc2 Bb4 26. Ra1 Rxa1 27.
Rxa1 Rh8 28. Ra7 Bc8 29. Na2 Bd6 30. b4 Bb8 31. Ra3 Be6 32. Kc3 Rh2 33. c5 Nd7
34. g3 Rf2 35. Nac1 Rxf3 36. Ra8 f5 37. Kd2 Kf6 38. b5 cxb5 39. Bxb5 Bc7 40. c6
bxc6 41. Bxc6 Bd6 42. exf5 Bb4+ 43. Kc2 Bxf5+ 44. Kb2 Re3 45. Ra4 Bd2 46. Ra3
Rxa3 47. Kxa3 Nc5 48. Nb3 Nxb3 49. Kxb3 Bd3 50. Nc3 Bxc3 51. Kxc3 Bb1 52. Kd2
Kf5 53. Ke3 e4 54. Bd7+ Ke5 55. Be8 g5 56. Bg6 Bd3 57. Bh7 Bc2 58. Bg6 Bd3 59.
Bh7 Bc2 60. Bg6 Kd5 61. Bf7+ Ke5 62. Bg6 1/2-1/2

[Event "Landesklasse West 2012/2013"]
[Site "?"]
[Date "2012.11.25"]
[Round "3"]
[White "Biel, Peter"]
[Black "Schorch, Rüdiger"]
[Result "0-1"]
[WhiteElo "1666"]
[BlackElo "1909"]
[PlyCount "38"]
[EventDate "2012.??.??"]
[WhiteTeam "SV Breitenworbis"]
[BlackTeam "SV Ammern"]

1. e4 c5 2. Nf3 Nc6 3. d4 cxd4 4. Nxd4 Nf6 5. Nc3 g6 6. Be3 Bg7 7. Be2 O-O 8.
Qd2 d5 9. Nxc6 bxc6 10. exd5 cxd5 11. Bc5 Qc7 12. Ba3 Rd8 13. Nb5 Qb7 14. Qf4
e5 15. Qh4 Qb6 16. O-O Bf5 17. c4 dxc4 18. Bxc4 a6 19. Nc3 Rd4 0-1

[Event "Landesklasse West 2012/2013"]
[Site "?"]
[Date "2012.11.25"]
[Round "3"]
[White "Salaske, Peter"]
[Black "Eschrich, Torsten"]
[Result "1/2-1/2"]
[WhiteElo "1790"]
[BlackElo "1660"]
[PlyCount "28"]
[EventDate "2012.??.??"]
[WhiteTeam "SV Ammern"]
[BlackTeam "SV Breitenworbis"]

1. d4 e6 2. Nf3 Nf6 3. a3 b6 4. e3 Bb7 5. Bd3 Ne4 6. Nbd2 f5 7. O-O d6 8. c4
Nd7 9. h3 g6 10. Qc2 Ndf6 11. b4 Bg7 12. Bb2 O-O 13. Rac1 c5 14. Rfd1 Qe7
1/2-1/2

[Event "Landesklasse West 2012/2013"]
[Site "?"]
[Date "2012.11.25"]
[Round "3"]
[White "Eipel, Andreas"]
[Black "Breuer, Harald"]
[Result "0-1"]
[WhiteElo "1717"]
[BlackElo "1776"]
[PlyCount "126"]
[EventDate "2012.??.??"]
[WhiteTeam "SV Breitenworbis"]
[BlackTeam "SV Ammern"]

1. e4 c5 2. c4 d6 3. Nc3 Nf6 4. d3 g6 5. g3 Bg4 6. f3 Bd7 7. Bg2 Bg7 8. Nge2
Qc8 9. Be3 O-O 10. Qd2 Re8 11. O-O Bh3 12. Bh6 Bh8 13. Rab1 Bxg2 14. Kxg2 Nc6
15. a3 Nd7 16. h3 e6 17. b4 cxb4 18. axb4 b6 19. Nb5 Qb8 20. h4 a6 21. Nbc3 Nf6
22. Rh1 Ne7 23. Qg5 d5 24. cxd5 exd5 25. e5 Nd7 26. d4 f6 27. exf6 Bxf6 28. Qd2
Nf5 29. Bf4 Qb7 30. h5 Nf8 31. hxg6 Nxg6 32. Rh5 Qd7 33. Rbh1 Re7 34. Bg5 Qe6
35. Bxf6 Ne3+ 36. Kf2 Qxf6 37. Nxd5 Nxd5 38. Rxd5 Rf8 39. f4 Rfe8 40. Nc3 Qc6
41. Rdh5 Re3 42. Qa2+ R8e6 43. d5 Qxc3 44. dxe6 Rf3+ 45. Kg2 Rxg3+ 46. Kh2 Kg7
47. Qf2 Re3 48. Rd1 Rxe6 49. Qd4+ Qxd4 50. Rxd4 Nf8 51. Re5 Rc6 52. Kg3 Kf6 53.
Kg4 Ne6 54. Rde4 Ng7 55. b5 axb5 56. Rxb5 h5+ 57. Kf3 Nf5 58. Reb4 Rc3+ 59. Kf2
Rc2+ 60. Ke1 Ne3 61. Rxb6+ Kf5 62. R6b5+ Kg4 63. Rg5+ Kf3 0-1

[Event "Landesklasse West 2012/2013"]
[Site "?"]
[Date "2012.11.25"]
[Round "3"]
[White "Hentrich, Jörg"]
[Black "Hermann, Frank"]
[Result "1-0"]
[WhiteElo "1755"]
[BlackElo "1503"]
[PlyCount "67"]
[EventDate "2012.??.??"]
[WhiteTeam "SV Ammern"]
[BlackTeam "SV Breitenworbis"]

1. e4 e5 2. f4 exf4 3. Nf3 Nc6 4. Bc4 Nf6 5. Nc3 Bb4 6. O-O O-O 7. e5 Bxc3 8.
dxc3 Ng4 9. Bxf4 d6 10. exd6 cxd6 11. Qxd6 Qb6+ 12. Nd4 Rd8 13. Qc7 Qxc7 14.
Bxc7 Rd7 15. Rae1 Nf6 16. Be5 Nxe5 17. Rxe5 Rc7 18. Bb3 Kf8 19. Nb5 Rc6 20.
Rfe1 a6 21. Nd4 Rd6 22. Re7 Be6 23. Rxb7 Bxb3 24. cxb3 Nd7 25. b4 g6 26. a4 Rd8
27. b5 Nc5 28. Ra7 Nxa4 29. bxa6 Nxb2 30. Rf1 R8d7 31. Rxd7 Rxd7 32. Ra1 Ra7
33. Nb5 Ra8 34. a7 1-0

[Event "Landesklasse West 2012/2013"]
[Site "?"]
[Date "2012.11.25"]
[Round "3"]
[White "Geißhirt, Marco"]
[Black "Klingler, Lutz"]
[Result "0-1"]
[WhiteElo "1854"]
[BlackElo "1979"]
[PlyCount "98"]
[EventDate "2012.??.??"]
[WhiteTeam "SG Barchfeld/Breitungen"]
[BlackTeam "SV Schmalkalden 04"]

1. e4 g6 2. f3 Bg7 3. d4 d5 4. Ne2 dxe4 5. fxe4 c5 6. Be3 Nc6 7. c3 cxd4 8.
Nxd4 e5 9. Nxc6 Qxd1+ 10. Kxd1 bxc6 11. Bd3 Be6 12. Re1 Nf6 13. Kc2 O-O 14. Nd2
a5 15. Bc5 Rfd8 16. Bb6 Rdc8 17. Bc4 Re8 18. Bxe6 Rxe6 19. Nc4 a4 20. Rad1 Ne8
21. Rd7 Bf8 22. Bc7 Ra7 23. Nxe5 Rxe5 24. Bxe5 Rxd7 25. c4 Bg7 26. Bxg7 Kxg7
27. Kc3 c5 28. e5 Nc7 29. g4 g5 30. b3 axb3 31. axb3 Ne6 32. b4 cxb4+ 33. Kxb4
Rd2 34. h4 gxh4 35. Rh1 Rb2+ 36. Kc3 Re2 37. Rxh4 Rxe5 38. Kd3 Kg6 39. Rh1 h6
40. Rf1 Kg5 41. Rg1 f6 42. Rh1 Nf4+ 43. Kd4 Ne2+ 44. Kd3 Ng3 45. Rh3 Ne4 46.
Rh5+ Kf4 47. Rxh6 Kxg4 48. Kd4 Kf5 49. c5 Nxc5 0-1

[Event "Landesklasse West 2012/2013"]
[Site "?"]
[Date "2012.11.25"]
[Round "3"]
[White "Bamberg, Alexander"]
[Black "Rommel, Uwe"]
[Result "1/2-1/2"]
[WhiteElo "1855"]
[BlackElo "1875"]
[PlyCount "24"]
[EventDate "2012.??.??"]
[WhiteTeam "SV Schmalkalden 04"]
[BlackTeam "SG Barchfeld/Breitungen"]

1. e4 e5 2. Nf3 Nc6 3. Nc3 Nf6 4. d4 exd4 5. Nxd4 d6 6. Bb5 Bd7 7. Nxc6 bxc6 8.
Bc4 Be7 9. O-O O-O 10. h3 Qc8 11. Qf3 Be6 12. Bd3 Nd7 1/2-1/2